000 00461nam a22001577a 4500
999 _c114168
_d114168
005 20191008115001.0
008 191008b ||||| |||| 00| 0 eng d
040 _cPK-LaUMT
082 _aMSC 943.086092
_bMUH-H
100 _aM. Ashraf = ایم اشرف
245 _aHer Hitlar ki kahani = ہر ہٹلر کی کہانی /
_cby M. Ashraf = ایم اشرف
260 _aLahore :
_bMaktabah Quresh,
_c1997
300 _a191 p.
546 _aUrdu
942 _cBK